| 000 | 00531nam a22001575i 4500 | ||
|---|---|---|---|
| 001 | 171933 | ||
| 003 | ES-MaACL | ||
| 005 | 20250802063120.0 | ||
| 008 | 090609s1943 fr |||| | fre d | ||
| 100 | 1 |
_aSorre, Maximilien, _d1880- _9107424 |
|
| 245 | 1 | 4 |
_aLes fondements biologiques de la géographie humaine _b: essai d'une écolegie de l'homme / _cMax Sorre. |
| 260 |
_aParis : _bArmand Colin, _c1943. |
||
| 300 |
_a440 p. : _bil., mapas ; _c26 cm. |
||
| 852 |
_aES-MaACL _jC-5284 _9R.25448 |
||
| 999 |
_c171933 _d171933 |
||